Ocean's Eleven - Statistics

General Stats
  • This quiz has been taken 53 times
  • The average score is 4 of 11
Answer Stats
Picture Answer % Correct
Danny Ocean
97%
Rusty Ryan
38%
(The Amazing) Yen
38%
Linus Caldwell
35%
Frank Catton
32%
Livingston Dell
30%
Virgil Malloy
27%
Turk Malloy
24%
Saul Bloom
22%
Basher Tarr
19%
Reuben Tishkoff
16%
No matching quizzes found
Score Distribution
Percent of People with Each Score
Percentile by Number Answered
Your Score History
You have not taken this quiz